00251nam a2200097Ia 4500008004100000100000900041245005500050260002400105942000700129999001700136190216s9999||||xx |||||||||||||| ||und|| aNull 0aHindi-Sarveshvarka Kavya Samvedana Aur Samprekshan bSandhy Pubs.Calicut cBK c18335d18335